See Dublin on foot. An architectural walking guide.

Gespeichert in:
Bibliographische Detailangaben
Weitere Verfasser: Craig, Julie (ZusammenstellendeR)
Format: Buch
Sprache:Englisch
Veröffentlicht: Dublin, Ireland: Dublin Civic Trust, 2001.
Schlagworte:
Tags: Tag hinzufügen
Keine Tags, Fügen Sie den ersten Tag hinzu!

MARC

LEADER 00000nam a22000007a 4500
003 CL-VaPUC
005 20220824124319.0
008 220629b2001 ||||| |||| 00| 0 eng d
999 |c 436481  |d 436479 
020 |a 0-9536899-2-1 
040 |c Pontificia Universidad Católica de Valparaíso 
082 0 4 |2 22  |a 720.9415 CRA 2001 
100 1 |a Craig, Julie   |e compiler  |9 871673 
245 1 0 |a See Dublin on foot.   |b An architectural walking guide. 
260 |a Dublin, Ireland:  |b Dublin Civic Trust,   |c 2001. 
300 |a 76 páginas; ilustraciones. 
500 |a c.1 Donación Arquitecto Santiago Flores. Memo ARQ 09/2022. 03/06/2022. 
583 |c 20220629  |k Catalogador Asistente 
650 1 |a Edificios históricos  |z Irlanda  |x Guías turísticas  |9 874494 
942 |2 ddc  |c BK 
952 |0 0  |1 0  |2 ddc  |4 0  |6 720_941500000000000_CRA_2001  |7 0  |8 A  |9 584146  |a BIBARQ  |b BIBARQ  |c GEN  |d 2022-06-29  |e Donación  |i 5652323  |o 720.9415 CRA 2001  |p 5652323  |r 2025-01-20  |t 1  |w 2022-06-29  |y BK  |k ARQ